000
00256nam a2200097Ia 4500
001
673043
005
20250826160856.0
008
250824s9999 xx 000 0 und d
245
0
_a
DOĞANIN BİR YILI ARALIK
_c
RUTH SYMONS
260
_b
TÜBİTAK POPÜLER BİLİM
999
_c
673043
_d
673043